[Event "April 9 Early 2024"]
[Site "Chess.com"]
[Date "2024.04.09"]
[Round "2"]
[White "Dwilewicz, Katarzyna"]
[Black "Piddubna, Bozhena"]
[Result "1-0"]
[Board "259"]
[WhiteFideId "1148486"]
[BlackFideId "34109293"]
[WhiteTitle "WFM"]
[BlackTitle "WCM"]
[WhiteElo "2499"]
[BlackElo "2202"]
[WhiteTeam "POL"]
[BlackTeam "UKR"]
[WhiteClock "0:00:11"]
[BlackClock "0:00:03"]
[Variant "Standard"]

1. e4 {[%clk 0:02:59]}  e5 {[%clk 0:02:56]} 2. Nf3 {[%clk 0:02:59]}  Nc6 {[%clk 0:02:53]} 3. d4 {[%clk 0:02:59]}  exd4 {[%clk 0:02:52]} 4. Bc4 {[%clk 0:03:00]}  Nf6 {[%clk 0:02:45]} 5. O-O {[%clk 0:02:58]}  Nxe4 {[%clk 0:02:41]} 6. Re1 {[%clk 0:02:57]}  d5 {[%clk 0:02:40]} 7. Bxd5 {[%clk 0:02:57]}  Qxd5 {[%clk 0:02:40]} 8. Nc3 {[%clk 0:02:58]}  Qd7 {[%clk 0:02:32]} 9. Rxe4+ {[%clk 0:02:26]}  Be7 {[%clk 0:02:30]} 10. Nxd4 {[%clk 0:02:26]}  f5 {[%clk 0:02:17]} 11. Rxe7+ {[%clk 0:00:52]}  Nxe7 {[%clk 0:02:01]} 12. Qh5+ {[%clk 0:00:44]}  g6 {[%clk 0:01:59]} 13. Qh4 {[%clk 0:00:44]}  O-O {[%clk 0:01:53]} 14. Bh6 {[%clk 0:00:34]}  Rf7 {[%clk 0:01:31]} 15. Nf3 {[%clk 0:00:29]}  Nc6 {[%clk 0:01:18]} 16. Rd1 {[%clk 0:00:24]}  Qe8 {[%clk 0:00:59]} 17. Nd5 {[%clk 0:00:18]}  Be6 {[%clk 0:00:36]} 18. Nf6+ {[%clk 0:00:17]}  Rxf6 {[%clk 0:00:36]} 19. Qxf6 {[%clk 0:00:18]}  Qf7 {[%clk 0:00:36]} 20. Qc3 {[%clk 0:00:17]}  Re8 {[%clk 0:00:07]} 21. Ng5 {[%clk 0:00:16]}  Qe7 {[%clk 0:00:08]} 22. Nxe6 {[%clk 0:00:15]}  Nb8 {[%clk 0:00:02]} 23. h3 {[%clk 0:00:14]}  Na6 {[%clk 0:00:01]} 24. Nf4 {[%clk 0:00:12]}  c6 {[%clk 0:00:01]} 25. Nd3 {[%clk 0:00:08]}  Nc7 {[%clk 0:00:02]} 26. Qd4 {[%clk 0:00:07]}  Nd5 {[%clk 0:00:02]} 27. Bd2 {[%clk 0:00:08]}  b6 {[%clk 0:00:01]} 28. Re1 {[%clk 0:00:08]}  Qf7 {[%clk 0:00:01]} 29. Rxe8+ {[%clk 0:00:09]}  Qxe8 {[%clk 0:00:02]} 30. Qe5 {[%clk 0:00:09]}  Qxe5 {[%clk 0:00:02]} 31. Nxe5 {[%clk 0:00:09]}  c5 {[%clk 0:00:03]} 32. a3 {[%clk 0:00:08]}  Kf8 {[%clk 0:00:03]} 33. Kf1 {[%clk 0:00:08]}  Ke8 {[%clk 0:00:03]} 34. Ke2 {[%clk 0:00:09]}  a6 {[%clk 0:00:03]} 35. Kd3 {[%clk 0:00:09]}  Ke7 {[%clk 0:00:03]} 36. c4 {[%clk 0:00:09]}  Nf6 {[%clk 0:00:02]} 37. Bg5 {[%clk 0:00:09]}  Ke6 {[%clk 0:00:02]} 38. Bxf6 {[%clk 0:00:09]}  Kxf6 {[%clk 0:00:03]} 39. Nd7+ {[%clk 0:00:10]}  Kg5 {[%clk 0:00:02]} 40. Nxb6 {[%clk 0:00:11]}  Kf4 {[%clk 0:00:03]} 41. Nd7 {[%clk 0:00:11]}  g5 {[%clk 0:00:03]} 42. Nxc5 {[%clk 0:00:11]}  g4 {[%clk 0:00:03]} 43. Ne6+ {[%clk 0:00:12]}  Ke5 {[%clk 0:00:03]} 44. Ng5 {[%clk 0:00:11]}  gxh3 {[%clk 0:00:04]} 45. Nxh3 {[%clk 0:00:11]}  h5 {[%clk 0:00:04]} 46. b4 {[%clk 0:00:11]}  h4 {[%clk 0:00:04]} 47. a4 {[%clk 0:00:12]}  Kd6 {[%clk 0:00:04]} 48. Kd4 {[%clk 0:00:11]}  Kc6 {[%clk 0:00:03]} 49. c5 {[%clk 0:00:11]} 1-0

[Event "April 9 Early 2024"]
[Site "Chess.com"]
[Date "2024.04.09"]
[Round "2"]
[White "Collins, Adam"]
[Black "Cardozo Munar, Carlos Eduardo"]
[Result "1/2-1/2"]
[Board "261"]
[WhiteFideId "2512300"]
[BlackFideId "4409477"]
[WhiteTitle "CM"]
[BlackTitle "FM"]
[WhiteElo "2495"]
[BlackElo "2186"]
[WhiteTeam "IRL"]
[BlackTeam "COL"]
[WhiteClock "0:00:09"]
[BlackClock "0:00:09"]
[Variant "Standard"]

1. Nf3 {[%clk 0:03:00]}  Nf6 {[%clk 0:02:52]} 2. e3 {[%clk 0:03:00]}  d5 {[%clk 0:02:52]} 3. b3 {[%clk 0:03:00]}  c6 {[%clk 0:02:45]} 4. Bb2 {[%clk 0:02:59]}  Bg4 {[%clk 0:02:45]} 5. h3 {[%clk 0:02:58]}  Bh5 {[%clk 0:02:45]} 6. g4 {[%clk 0:02:58]}  Bg6 {[%clk 0:02:40]} 7. g5 {[%clk 0:02:58]}  Ne4 {[%clk 0:02:40]} 8. h4 {[%clk 0:02:57]}  h5 {[%clk 0:02:38]} 9. Ne5 {[%clk 0:02:55]}  Bf5 {[%clk 0:02:34]} 10. Qf3 {[%clk 0:02:47]}  e6 {[%clk 0:02:29]} 11. Bh3 {[%clk 0:02:46]}  Nd6 {[%clk 0:02:26]} 12. Bxf5 {[%clk 0:02:43]}  exf5 {[%clk 0:02:24]} 13. d3 {[%clk 0:02:42]}  Nd7 {[%clk 0:02:24]} 14. Nd2 {[%clk 0:02:41]}  Nxe5 {[%clk 0:02:24]} 15. Bxe5 {[%clk 0:02:42]}  Qe7 {[%clk 0:02:20]} 16. Bxd6 {[%clk 0:02:39]}  Qxd6 {[%clk 0:02:21]} 17. Qxf5 {[%clk 0:02:39]}  g6 {[%clk 0:02:18]} 18. Qf3 {[%clk 0:02:37]}  Bg7 {[%clk 0:02:19]} 19. d4 {[%clk 0:02:37]}  O-O-O {[%clk 0:02:18]} 20. O-O-O {[%clk 0:02:33]}  Rhf8 {[%clk 0:02:00]} 21. c3 {[%clk 0:02:29]}  a5 {[%clk 0:01:51]} 22. e4 {[%clk 0:02:17]}  Qa3+ {[%clk 0:01:49]} 23. Kb1 {[%clk 0:02:17]}  a4 {[%clk 0:01:49]} 24. e5 {[%clk 0:02:16]}  axb3 {[%clk 0:01:49]} 25. axb3 {[%clk 0:02:17]}  Kc7 {[%clk 0:01:46]} 26. Kc2 {[%clk 0:02:13]}  Ra8 {[%clk 0:01:38]} 27. Rb1 {[%clk 0:02:13]}  Qe7 {[%clk 0:01:22]} 28. Ra1 {[%clk 0:02:07]}  Ra3 {[%clk 0:01:20]} 29. Rxa3 {[%clk 0:02:01]}  Qxa3 {[%clk 0:01:20]} 30. Rb1 {[%clk 0:02:01]}  Ra8 {[%clk 0:01:20]} 31. Qxf7+ {[%clk 0:02:01]}  Kb6 {[%clk 0:01:20]} 32. Qxg7 {[%clk 0:01:59]}  Qa2+ {[%clk 0:01:17]} 33. Rb2 {[%clk 0:01:59]}  Qa1 {[%clk 0:01:18]} 34. Qxg6 {[%clk 0:01:32]}  Qg1 {[%clk 0:01:18]} 35. Qd3 {[%clk 0:01:13]}  Ra1 {[%clk 0:01:17]} 36. Nb1 {[%clk 0:01:12]}  Qxf2+ {[%clk 0:01:12]} 37. Qd2 {[%clk 0:01:12]}  Qxh4 {[%clk 0:01:12]} 38. c4 {[%clk 0:00:47]}  Qe4+ {[%clk 0:01:12]} 39. Kc3 {[%clk 0:00:47]}  Rxb1 {[%clk 0:01:06]} 40. Rxb1 {[%clk 0:00:46]}  Qxb1 {[%clk 0:01:07]} 41. c5+ {[%clk 0:00:40]}  Kc7 {[%clk 0:01:03]} 42. e6 {[%clk 0:00:39]}  Qa1+ {[%clk 0:00:59]} 43. Kb4 {[%clk 0:00:38]}  h4 {[%clk 0:00:53]} 44. e7 {[%clk 0:00:35]}  Kd7 {[%clk 0:00:51]} 45. Qe3 {[%clk 0:00:24]}  Ke8 {[%clk 0:00:45]} 46. g6 {[%clk 0:00:24]}  Qf1 {[%clk 0:00:35]} 47. Qe6 {[%clk 0:00:17]}  Qb5+ {[%clk 0:00:23]} 48. Kc3 {[%clk 0:00:17]}  Qa5+ {[%clk 0:00:22]} 49. Kd3 {[%clk 0:00:16]}  Qa6+ {[%clk 0:00:21]} 50. Ke3 {[%clk 0:00:14]}  Qf1 {[%clk 0:00:18]} 51. Kd2 {[%clk 0:00:11]}  Qf2+ {[%clk 0:00:15]} 52. Kc3 {[%clk 0:00:11]}  Qg3+ {[%clk 0:00:11]} 53. Kb4 {[%clk 0:00:09]}  Qf2 {[%clk 0:00:07]} 54. g7 {[%clk 0:00:08]}  Qd2+ {[%clk 0:00:06]} 55. Ka3 {[%clk 0:00:08]}  Qa5+ {[%clk 0:00:07]} 56. Kb2 {[%clk 0:00:08]}  Qd2+ {[%clk 0:00:07]} 57. Kb1 {[%clk 0:00:08]}  Qd1+ {[%clk 0:00:07]} 58. Ka2 {[%clk 0:00:09]}  Qd2+ {[%clk 0:00:08]} 59. Ka3 {[%clk 0:00:07]}  Qa5+ {[%clk 0:00:08]} 60. Kb2 {[%clk 0:00:08]}  Qd2+ {[%clk 0:00:09]} 61. Ka1 {[%clk 0:00:08]}  Qd1+ {[%clk 0:00:08]} 62. Ka2 {[%clk 0:00:08]}  Qd2+ {[%clk 0:00:08]} 63. Kb1 {[%clk 0:00:08]}  Qd1+ {[%clk 0:00:08]} 64. Kb2 {[%clk 0:00:09]}  Qd2+ {[%clk 0:00:09]} 1/2-1/2

[Event "April 9 Early 2024"]
[Site "Chess.com"]
[Date "2024.04.09"]
[Round "2"]
[White "Shyam Gandhi"]
[Black "Gutierrez Olivares, Daniel"]
[Result "0-1"]
[Board "263"]
[WhiteFideId "2052008"]
[BlackFideId "2264005"]
[BlackTitle "FM"]
[WhiteElo "2176"]
[BlackElo "2494"]
[WhiteTeam "USA"]
[BlackTeam "ESP"]
[WhiteClock "0:00:00"]
[BlackClock "0:01:05"]
[Variant "Standard"]

1. d4 {[%clk 0:03:00]}  Nf6 {[%clk 0:02:58]} 2. Nc3 {[%clk 0:02:59]}  e6 {[%clk 0:02:59]} 3. Bf4 {[%clk 0:02:56]}  a6 {[%clk 0:02:58]} 4. e3 {[%clk 0:02:49]}  b5 {[%clk 0:02:57]} 5. Qf3 {[%clk 0:02:21]}  Nc6 {[%clk 0:02:56]} 6. Bxb5 {[%clk 0:02:17]}  axb5 {[%clk 0:02:49]} 7. Nxb5 {[%clk 0:02:18]}  Nd5 {[%clk 0:02:40]} 8. c4 {[%clk 0:02:08]}  Nxf4 {[%clk 0:02:38]} 9. Qxf4 {[%clk 0:02:07]}  d6 {[%clk 0:02:35]} 10. Qf3 {[%clk 0:02:05]}  Bd7 {[%clk 0:02:32]} 11. a3 {[%clk 0:02:00]}  Be7 {[%clk 0:02:28]} 12. g4 {[%clk 0:01:57]}  O-O {[%clk 0:02:27]} 13. h4 {[%clk 0:01:55]}  Nb4 {[%clk 0:02:27]} 14. O-O-O {[%clk 0:01:47]}  Bxb5 {[%clk 0:02:25]} 15. cxb5 {[%clk 0:01:47]}  Nd5 {[%clk 0:02:21]} 16. e4 {[%clk 0:01:47]}  Nb6 {[%clk 0:02:19]} 17. h5 {[%clk 0:01:43]}  Qd7 {[%clk 0:02:14]} 18. h6 {[%clk 0:01:42]}  g6 {[%clk 0:02:13]} 19. Qd3 {[%clk 0:01:31]}  Ra5 {[%clk 0:02:09]} 20. d5 {[%clk 0:01:02]}  Qxb5 {[%clk 0:01:54]} 21. Qc3 {[%clk 0:00:55]}  Qc5 {[%clk 0:01:47]} 22. Ne2 {[%clk 0:00:44]}  Qxc3+ {[%clk 0:01:32]} 23. Nxc3 {[%clk 0:00:45]}  Bf6 {[%clk 0:01:30]} 24. Rd3 {[%clk 0:00:28]}  Nc4 {[%clk 0:01:23]} 25. f4 {[%clk 0:00:16]}  Rb8 {[%clk 0:01:22]} 26. f5 {[%clk 0:00:12]}  Nxb2 {[%clk 0:01:14]} 27. Rf3 {[%clk 0:00:12]}  Rxa3 {[%clk 0:01:12]} 28. Kc2 {[%clk 0:00:06]}  Nc4 {[%clk 0:01:04]} 29. fxe6 {[%clk 0:00:00]}  Rb2+ {[%clk 0:01:05]} 0-1

[Event "April 9 Early 2024"]
[Site "Chess.com"]
[Date "2024.04.09"]
[Round "2"]
[White "Butti, Enrique"]
[Black "Xie, Bryan"]
[Result "0-1"]
[Board "266"]
[WhiteFideId "3700470"]
[BlackFideId "30941296"]
[WhiteTitle "CM"]
[BlackTitle "FM"]
[WhiteElo "2160"]
[BlackElo "2491"]
[WhiteTeam "PAR"]
[BlackTeam "USA"]
[WhiteClock "0:01:45"]
[BlackClock "0:01:43"]
[Variant "Standard"]

1. d4 {[%clk 0:02:59]}  Nf6 {[%clk 0:02:59]} 2. Nf3 {[%clk 0:02:58]}  e6 {[%clk 0:02:57]} 3. e3 {[%clk 0:02:58]}  b6 {[%clk 0:02:57]} 4. Bd3 {[%clk 0:02:53]}  Bb7 {[%clk 0:02:58]} 5. O-O {[%clk 0:02:52]}  c5 {[%clk 0:02:58]} 6. b3 {[%clk 0:02:51]}  Be7 {[%clk 0:02:57]} 7. Bb2 {[%clk 0:02:51]}  O-O {[%clk 0:02:57]} 8. c4 {[%clk 0:02:50]}  Nc6 {[%clk 0:02:55]} 9. Nbd2 {[%clk 0:02:49]}  d5 {[%clk 0:02:54]} 10. a3 {[%clk 0:02:47]}  Rc8 {[%clk 0:02:54]} 11. Rc1 {[%clk 0:02:47]}  cxd4 {[%clk 0:02:52]} 12. exd4 {[%clk 0:02:46]}  dxc4 {[%clk 0:02:50]} 13. bxc4 {[%clk 0:02:46]}  Re8 {[%clk 0:02:48]} 14. Re1 {[%clk 0:02:45]}  Bd6 {[%clk 0:02:34]} 15. Nf1 {[%clk 0:02:41]}  Ne7 {[%clk 0:02:34]} 16. Ne3 {[%clk 0:02:33]}  Bb8 {[%clk 0:02:29]} 17. d5 {[%clk 0:02:30]}  Nh5 {[%clk 0:01:55]} 18. Ng5 {[%clk 0:02:18]}  g6 {[%clk 0:01:49]} 19. dxe6 {[%clk 0:02:04]}  fxe6 {[%clk 0:01:48]} 20. Nxe6 {[%clk 0:01:53]}  Qd6 {[%clk 0:01:43]} 21. Nd5 {[%clk 0:01:45]} 0-1

[Event "April 9 Early 2024"]
[Site "Chess.com"]
[Date "2024.04.09"]
[Round "2"]
[White "Hrbek, Stepan"]
[Black "Mena, Martin"]
[Result "1-0"]
[Board "267"]
[WhiteFideId "393479"]
[BlackFideId "10651225"]
[WhiteTitle "IM"]
[BlackTitle "FM"]
[WhiteElo "2491"]
[BlackElo "2149"]
[WhiteTeam "CZE"]
[BlackTeam "EGY"]
[WhiteClock "0:00:58"]
[BlackClock "0:00:09"]
[Variant "Standard"]

1. c4 {[%clk 0:02:59]}  e6 {[%clk 0:02:56]} 2. e4 {[%clk 0:02:58]}  d5 {[%clk 0:02:55]} 3. cxd5 {[%clk 0:02:57]}  exd5 {[%clk 0:02:56]} 4. exd5 {[%clk 0:02:58]}  Nf6 {[%clk 0:02:50]} 5. Nc3 {[%clk 0:02:58]}  Be7 {[%clk 0:02:44]} 6. Bc4 {[%clk 0:02:55]}  O-O {[%clk 0:02:41]} 7. Nge2 {[%clk 0:02:55]}  a6 {[%clk 0:02:30]} 8. Bb3 {[%clk 0:02:51]}  b5 {[%clk 0:02:20]} 9. Nf4 {[%clk 0:02:35]}  Bb7 {[%clk 0:02:15]} 10. O-O {[%clk 0:02:33]}  Nbd7 {[%clk 0:02:08]} 11. d4 {[%clk 0:02:29]}  Nb6 {[%clk 0:02:06]} 12. Re1 {[%clk 0:02:21]}  Bb4 {[%clk 0:02:00]} 13. Re5 {[%clk 0:02:09]}  Bxc3 {[%clk 0:01:24]} 14. bxc3 {[%clk 0:02:09]}  Nbxd5 {[%clk 0:01:24]} 15. Nxd5 {[%clk 0:01:50]}  Bxd5 {[%clk 0:01:21]} 16. Bg5 {[%clk 0:01:48]}  Bxb3 {[%clk 0:01:17]} 17. axb3 {[%clk 0:01:49]}  Qd6 {[%clk 0:01:11]} 18. Qf3 {[%clk 0:01:45]}  Rfe8 {[%clk 0:00:54]} 19. Rxb5 {[%clk 0:01:35]}  Ne4 {[%clk 0:00:24]} 20. Re5 {[%clk 0:01:00]}  Rxe5 {[%clk 0:00:13]} 21. Bf4 {[%clk 0:01:00]}  Nd2 {[%clk 0:00:09]} 22. Qxa8+ {[%clk 0:00:59]}  Qf8 {[%clk 0:00:10]} 23. Qxf8+ {[%clk 0:00:59]}  Kxf8 {[%clk 0:00:09]} 24. Bxe5 {[%clk 0:00:58]} 1-0

[Event "April 9 Early 2024"]
[Site "Chess.com"]
[Date "2024.04.09"]
[Round "2"]
[White "Senft, Sean"]
[Black "Dovzik, Juri"]
[Result "1-0"]
[Board "270"]
[WhiteFideId "2044960"]
[BlackFideId "14100223"]
[BlackTitle "IM"]
[WhiteElo "2489"]
[BlackElo "2138"]
[WhiteTeam "USA"]
[BlackTeam "UKR"]
[WhiteClock "0:02:51"]
[BlackClock "0:00:00"]
[Variant "Standard"]

1. d4 {[%clk 0:03:00]}  Nf6 {[%clk 0:02:54]} 2. c4 {[%clk 0:03:00]}  e6 {[%clk 0:02:53]} 3. Nc3 {[%clk 0:03:01]}  Bb4 {[%clk 0:02:50]} 4. Nf3 {[%clk 0:03:00]}  b6 {[%clk 0:02:49]} 5. Bg5 {[%clk 0:03:00]}  h6 {[%clk 0:02:40]} 6. Bh4 {[%clk 0:03:01]}  g5 {[%clk 0:02:39]} 7. Bg3 {[%clk 0:03:01]}  Ne4 {[%clk 0:02:38]} 8. Qc2 {[%clk 0:03:02]}  Bb7 {[%clk 0:02:23]} 9. e3 {[%clk 0:03:00]}  f5 {[%clk 0:02:15]} 10. Bd3 {[%clk 0:03:00]}  d6 {[%clk 0:02:08]} 11. d5 {[%clk 0:02:55]}  exd5 {[%clk 0:01:36]} 12. cxd5 {[%clk 0:02:54]}  Bxd5 {[%clk 0:01:28]} 13. Nd4 {[%clk 0:02:54]}  Bxc3+ {[%clk 0:01:20]} 14. bxc3 {[%clk 0:02:54]}  Qf6 {[%clk 0:01:02]} 15. f3 {[%clk 0:02:54]}  Nxg3 {[%clk 0:00:55]} 16. hxg3 {[%clk 0:02:55]}  Qe5 {[%clk 0:00:36]} 17. Kf2 {[%clk 0:02:52]}  Nd7 {[%clk 0:00:29]} 18. Bxf5 {[%clk 0:02:52]}  O-O-O {[%clk 0:00:26]} 19. Qa4 {[%clk 0:02:52]}  Rhf8 {[%clk 0:00:05]} 20. g4 {[%clk 0:02:51]}  Rxf5 {[%clk 0:00:00]} 21. gxf5 {[%clk 0:02:51]} 1-0

[Event "April 9 Early 2024"]
[Site "Chess.com"]
[Date "2024.04.09"]
[Round "2"]
[White "Smiech, Sara"]
[Black "Flis, Pawel"]
[Result "0-1"]
[Board "273"]
[WhiteFideId "91102863"]
[BlackFideId "1112864"]
[BlackTitle "CM"]
[WhiteElo "2484"]
[BlackElo "2116"]
[WhiteTeam "POL"]
[BlackTeam "POL"]
[WhiteClock "0:00:03"]
[BlackClock "0:00:09"]
[Variant "Standard"]

1. e4 {[%clk 0:03:00]}  c5 {[%clk 0:02:54]} 2. Nf3 {[%clk 0:02:57]}  d6 {[%clk 0:02:54]} 3. d4 {[%clk 0:02:58]}  Nf6 {[%clk 0:02:55]} 4. Nc3 {[%clk 0:02:56]}  cxd4 {[%clk 0:02:55]} 5. Nxd4 {[%clk 0:02:57]}  a6 {[%clk 0:02:56]} 6. Be3 {[%clk 0:02:57]}  e5 {[%clk 0:02:54]} 7. Nb3 {[%clk 0:02:53]}  Be6 {[%clk 0:02:54]} 8. Qd2 {[%clk 0:02:51]}  Be7 {[%clk 0:02:53]} 9. O-O-O {[%clk 0:02:51]}  Ng4 {[%clk 0:02:49]} 10. g3 {[%clk 0:02:48]}  Nxe3 {[%clk 0:02:48]} 11. Qxe3 {[%clk 0:02:47]}  O-O {[%clk 0:02:45]} 12. f4 {[%clk 0:02:46]}  Nd7 {[%clk 0:02:26]} 13. Kb1 {[%clk 0:02:41]}  Bg4 {[%clk 0:02:26]} 14. Be2 {[%clk 0:02:36]}  Bxe2 {[%clk 0:02:25]} 15. Qxe2 {[%clk 0:02:36]}  exf4 {[%clk 0:02:25]} 16. gxf4 {[%clk 0:02:36]}  Bf6 {[%clk 0:02:24]} 17. e5 {[%clk 0:02:26]}  dxe5 {[%clk 0:02:22]} 18. fxe5 {[%clk 0:02:26]}  Bxe5 {[%clk 0:02:15]} 19. Rxd7 {[%clk 0:02:25]}  Qxd7 {[%clk 0:02:10]} 20. Qxe5 {[%clk 0:02:25]}  Rfe8 {[%clk 0:02:10]} 21. Qg3 {[%clk 0:02:24]}  Rac8 {[%clk 0:02:06]} 22. Rg1 {[%clk 0:02:19]}  g6 {[%clk 0:02:05]} 23. a3 {[%clk 0:02:15]}  b5 {[%clk 0:01:55]} 24. Qf3 {[%clk 0:02:10]}  Qe7 {[%clk 0:01:53]} 25. Nd5 {[%clk 0:02:07]}  Qe2 {[%clk 0:01:45]} 26. Nf6+ {[%clk 0:01:22]}  Kh8 {[%clk 0:01:36]} 27. Qh3 {[%clk 0:01:18]}  Qxc2+ {[%clk 0:01:26]} 28. Ka2 {[%clk 0:01:18]}  h5 {[%clk 0:01:13]} 29. Nxe8 {[%clk 0:00:54]}  Rxe8 {[%clk 0:01:14]} 30. Rc1 {[%clk 0:00:50]}  Qf2 {[%clk 0:01:00]} 31. Qd7 {[%clk 0:00:40]}  Re2 {[%clk 0:00:51]} 32. Rb1 {[%clk 0:00:38]}  Kg7 {[%clk 0:00:48]} 33. h3 {[%clk 0:00:35]}  Qh2 {[%clk 0:00:37]} 34. Qd4+ {[%clk 0:00:34]}  Kg8 {[%clk 0:00:36]} 35. Rc1 {[%clk 0:00:31]}  Kh7 {[%clk 0:00:31]} 36. Rc8 {[%clk 0:00:30]}  Qe5 {[%clk 0:00:27]} 37. Qxe5 {[%clk 0:00:27]}  Rxe5 {[%clk 0:00:28]} 38. Rc6 {[%clk 0:00:21]}  Re3 {[%clk 0:00:27]} 39. Rxa6 {[%clk 0:00:21]}  Rxh3 {[%clk 0:00:27]} 40. Rb6 {[%clk 0:00:20]}  Re3 {[%clk 0:00:23]} 41. Rxb5 {[%clk 0:00:20]}  h4 {[%clk 0:00:24]} 42. a4 {[%clk 0:00:20]}  h3 {[%clk 0:00:24]} 43. Rd5 {[%clk 0:00:11]}  h2 {[%clk 0:00:20]} 44. Rd1 {[%clk 0:00:11]}  g5 {[%clk 0:00:18]} 45. a5 {[%clk 0:00:11]}  g4 {[%clk 0:00:18]} 46. a6 {[%clk 0:00:10]}  Re7 {[%clk 0:00:16]} 47. Nd4 {[%clk 0:00:08]}  g3 {[%clk 0:00:15]} 48. Nf5 {[%clk 0:00:08]}  g2 {[%clk 0:00:11]} 49. Nxe7 {[%clk 0:00:08]}  g1=Q {[%clk 0:00:11]} 50. Rxg1 {[%clk 0:00:05]}  hxg1=Q {[%clk 0:00:10]} 51. Nc6 {[%clk 0:00:05]}  Qc5 {[%clk 0:00:07]} 52. a7 {[%clk 0:00:04]}  Qxc6 {[%clk 0:00:07]} 53. b4 {[%clk 0:00:04]}  Qa6+ {[%clk 0:00:07]} 54. Kb3 {[%clk 0:00:04]}  Qxa7 {[%clk 0:00:08]} 55. Kc4 {[%clk 0:00:05]}  Qb6 {[%clk 0:00:08]} 56. b5 {[%clk 0:00:03]}  Kg6 {[%clk 0:00:09]} 0-1

[Event "April 9 Early 2024"]
[Site "Chess.com"]
[Date "2024.04.09"]
[Round "2"]
[White "Parfenov, Viktor N."]
[Black "Feliz Dotel, Dewar Bienvenido"]
[Result "1-0"]
[Board "275"]
[WhiteFideId "4165969"]
[BlackFideId "6402801"]
[WhiteTitle "CM"]
[BlackTitle "CM"]
[WhiteElo "2479"]
[BlackElo "2114"]
[WhiteTeam "RUS"]
[BlackTeam "DOM"]
[WhiteClock "0:01:33"]
[BlackClock "0:00:03"]
[Variant "Standard"]

1. e4 {[%clk 0:02:59]}  c5 {[%clk 0:02:57]} 2. Nf3 {[%clk 0:02:59]}  g6 {[%clk 0:02:57]} 3. c3 {[%clk 0:02:59]}  Bg7 {[%clk 0:02:55]} 4. d4 {[%clk 0:02:59]}  cxd4 {[%clk 0:02:56]} 5. cxd4 {[%clk 0:02:59]}  d5 {[%clk 0:02:56]} 6. e5 {[%clk 0:02:59]}  Nc6 {[%clk 0:02:55]} 7. Bb5 {[%clk 0:02:58]}  Nh6 {[%clk 0:02:55]} 8. O-O {[%clk 0:02:54]}  Bg4 {[%clk 0:02:51]} 9. Bxc6+ {[%clk 0:02:54]}  bxc6 {[%clk 0:02:51]} 10. Nbd2 {[%clk 0:02:55]}  f6 {[%clk 0:02:46]} 11. h3 {[%clk 0:02:50]}  Bxf3 {[%clk 0:02:44]} 12. Nxf3 {[%clk 0:02:50]}  Nf5 {[%clk 0:02:39]} 13. g4 {[%clk 0:02:35]}  Nh6 {[%clk 0:02:35]} 14. exf6 {[%clk 0:02:35]}  exf6 {[%clk 0:02:34]} 15. Re1+ {[%clk 0:02:32]}  Kf7 {[%clk 0:02:34]} 16. Qa4 {[%clk 0:02:27]}  Qd6 {[%clk 0:02:23]} 17. b3 {[%clk 0:02:13]}  Rhe8 {[%clk 0:02:10]} 18. Ba3 {[%clk 0:02:13]}  Qf4 {[%clk 0:02:08]} 19. Rxe8 {[%clk 0:02:12]}  Rxe8 {[%clk 0:02:07]} 20. Qxa7+ {[%clk 0:02:11]}  Kg8 {[%clk 0:02:05]} 21. Qd7 {[%clk 0:02:08]}  Ra8 {[%clk 0:01:59]} 22. Re1 {[%clk 0:01:35]}  Rxa3 {[%clk 0:00:17]} 23. Re8+ {[%clk 0:01:34]}  Bf8 {[%clk 0:00:16]} 24. Qe7 {[%clk 0:01:33]}  Qd6 {[%clk 0:00:03]} 25. Rxf8# {[%clk 0:01:33]} 1-0

[Event "April 9 Early 2024"]
[Site "Chess.com"]
[Date "2024.04.09"]
[Round "2"]
[White "Tilahun , Abel Mathewos"]
[Black "Miszler, Levente"]
[Result "1/2-1/2"]
[Board "276"]
[WhiteFideId "15702391"]
[BlackFideId "763276"]
[WhiteTitle "CM"]
[BlackTitle "FM"]
[WhiteElo "2086"]
[BlackElo "2479"]
[WhiteTeam "ETH"]
[BlackTeam "HUN"]
[WhiteClock "0:00:06"]
[BlackClock "0:00:06"]
[Variant "Standard"]

1. d4 {[%clk 0:03:00]}  Nf6 {[%clk 0:02:56]} 2. c4 {[%clk 0:03:00]}  e6 {[%clk 0:02:56]} 3. Nf3 {[%clk 0:03:01]}  d5 {[%clk 0:02:56]} 4. Nc3 {[%clk 0:03:00]}  Be7 {[%clk 0:02:52]} 5. Bf4 {[%clk 0:03:00]}  O-O {[%clk 0:02:52]} 6. e3 {[%clk 0:03:00]}  c6 {[%clk 0:02:50]} 7. c5 {[%clk 0:03:00]}  Nbd7 {[%clk 0:02:50]} 8. Bd3 {[%clk 0:02:59]}  Nh5 {[%clk 0:02:45]} 9. O-O {[%clk 0:02:58]}  Nxf4 {[%clk 0:02:45]} 10. exf4 {[%clk 0:02:59]}  a5 {[%clk 0:02:45]} 11. a3 {[%clk 0:02:58]}  Qc7 {[%clk 0:02:42]} 12. g3 {[%clk 0:02:58]}  b6 {[%clk 0:02:30]} 13. b4 {[%clk 0:02:56]}  Ba6 {[%clk 0:02:30]} 14. Ne5 {[%clk 0:02:44]}  Bxd3 {[%clk 0:02:01]} 15. Qxd3 {[%clk 0:02:43]}  Rfd8 {[%clk 0:01:42]} 16. Rfc1 {[%clk 0:02:42]}  f6 {[%clk 0:01:11]} 17. Nf3 {[%clk 0:02:19]}  axb4 {[%clk 0:01:08]} 18. axb4 {[%clk 0:02:18]}  bxc5 {[%clk 0:01:08]} 19. bxc5 {[%clk 0:02:17]}  e5 {[%clk 0:01:06]} 20. fxe5 {[%clk 0:02:06]}  fxe5 {[%clk 0:01:07]} 21. dxe5 {[%clk 0:01:47]}  Nxe5 {[%clk 0:01:08]} 22. Nxe5 {[%clk 0:01:30]}  Qxe5 {[%clk 0:01:08]} 23. Na4 {[%clk 0:01:23]}  Bf6 {[%clk 0:01:04]} 24. Ra3 {[%clk 0:01:15]}  Re8 {[%clk 0:00:38]} 25. Nb6 {[%clk 0:01:11]}  Rxa3 {[%clk 0:00:37]} 26. Qxa3 {[%clk 0:01:11]}  Qb2 {[%clk 0:00:36]} 27. Qxb2 {[%clk 0:00:57]}  Bxb2 {[%clk 0:00:37]} 28. Rc2 {[%clk 0:00:57]}  Bd4 {[%clk 0:00:35]} 29. Kg2 {[%clk 0:00:50]}  Re7 {[%clk 0:00:31]} 30. Nc8 {[%clk 0:00:47]}  Rc7 {[%clk 0:00:29]} 31. Nd6 {[%clk 0:00:46]}  Rd7 {[%clk 0:00:26]} 32. Nc8 {[%clk 0:00:43]}  Rb7 {[%clk 0:00:19]} 33. Nd6 {[%clk 0:00:40]}  Rb2 {[%clk 0:00:18]} 34. Rxb2 {[%clk 0:00:28]}  Bxb2 {[%clk 0:00:19]} 35. Nc8 {[%clk 0:00:26]}  Ba3 {[%clk 0:00:15]} 36. Ne7+ {[%clk 0:00:23]}  Kf7 {[%clk 0:00:16]} 37. Nxc6 {[%clk 0:00:20]}  Bxc5 {[%clk 0:00:16]} 38. Ne5+ {[%clk 0:00:17]}  Ke6 {[%clk 0:00:14]} 39. f4 {[%clk 0:00:17]}  Bd6 {[%clk 0:00:12]} 40. Nd3 {[%clk 0:00:16]}  d4 {[%clk 0:00:11]} 41. Kf3 {[%clk 0:00:17]}  Kd5 {[%clk 0:00:12]} 42. h3 {[%clk 0:00:16]}  Kc4 {[%clk 0:00:11]} 43. Ke4 {[%clk 0:00:16]}  Kc3 {[%clk 0:00:10]} 44. g4 {[%clk 0:00:15]}  Be7 {[%clk 0:00:07]} 45. g5 {[%clk 0:00:12]}  Bd8 {[%clk 0:00:06]} 46. h4 {[%clk 0:00:12]}  g6 {[%clk 0:00:04]} 47. Ne5 {[%clk 0:00:08]}  Bc7 {[%clk 0:00:04]} 48. Nd3 {[%clk 0:00:09]}  Bb8 {[%clk 0:00:04]} 49. Nf2 {[%clk 0:00:08]}  Bc7 {[%clk 0:00:03]} 50. Nd3 {[%clk 0:00:08]}  Bd6 {[%clk 0:00:03]} 51. Nf2 {[%clk 0:00:08]}  Ba3 {[%clk 0:00:04]} 52. Nd3 {[%clk 0:00:08]}  Bd6 {[%clk 0:00:02]} 53. Nf2 {[%clk 0:00:08]}  Kc4 {[%clk 0:00:02]} 54. Nd3 {[%clk 0:00:08]}  Bc7 {[%clk 0:00:02]} 55. Nf2 {[%clk 0:00:07]}  Bb6 {[%clk 0:00:03]} 56. Nd3 {[%clk 0:00:07]}  Ba5 {[%clk 0:00:04]} 57. Ne5+ {[%clk 0:00:06]}  Kc3 {[%clk 0:00:04]} 58. Nd3 {[%clk 0:00:07]}  Bb6 {[%clk 0:00:04]} 59. Ne5 {[%clk 0:00:07]}  Ba5 {[%clk 0:00:04]} 60. Nd3 {[%clk 0:00:07]}  Bc7 {[%clk 0:00:04]} 61. Nf2 {[%clk 0:00:06]}  Kc4 {[%clk 0:00:04]} 62. Nd3 {[%clk 0:00:06]}  Ba5 {[%clk 0:00:04]} 63. Ne5+ {[%clk 0:00:06]}  Kc5 {[%clk 0:00:05]} 64. Nd3+ {[%clk 0:00:06]}  Kc4 {[%clk 0:00:06]} 1/2-1/2